|
|
|
|
| LEADER |
00000nam a2200000Ii 4500 |
| 001 |
DIGOLEJNK1299 |
| 003 |
NyNyDIG |
| 006 |
m o d |
| 007 |
cr ||||||||||| |
| 008 |
250902s2023 cl o 000 0 spa d |
| 035 |
|
|
|a (OCoLC)1500717389
|
| 040 |
|
|
|a DGITA
|b eng
|e rda
|e pn
|c DGITA
|
| 020 |
|
|
|z 9789564074221
|
| 043 |
|
|
|a e-it---
|
| 050 |
1 |
4 |
|a KKH828.5 ebook
|
| 245 |
0 |
0 |
|a Responsabilidad civil :
|b estudios italianos /
|c Antonio Albanese [and others] ; traducción de César Moreno More.
|
| 264 |
|
1 |
|a Santiago, Chile :
|b Ediciones Olejnik ; Lima, Perú :
|b ARA Editores,
|c [2023]
|
| 300 |
|
|
|a 1 online resource.
|
| 336 |
|
|
|a text
|b txt
|2 rdacontent
|
| 337 |
|
|
|a computer
|b c
|2 rdamedia
|
| 338 |
|
|
|a online resource
|b cr
|2 rdacarrier
|
| 347 |
|
|
|a text file
|2 rdaft
|
| 347 |
|
|
|b PDF
|
| 490 |
1 |
|
|a Biblioteca de derecho civil
|
| 588 |
0 |
|
|a Online resource; title from PDF title page (Digitalia, viewed September 2, 2025)
|
| 650 |
|
0 |
|a Liability (Law)
|z Italy.
|
| 700 |
1 |
|
|a Albanese, Antonio,
|e author.
|
| 700 |
1 |
|
|a Moreno More, César E.,
|e translator.
|
| 791 |
2 |
|
|a Digitalia (Firm),
|e distributor.
|
| 793 |
0 |
|
|g Digitalia eBook Collection:
|a Ediciones Olejnik
|
| 776 |
0 |
8 |
|i Print version:
|a Albanese, Antonio.
|t Responsabilidad civil.
|b Primera edición.
|d Santiago, Chile : Ediciones Olejnik ; Lima, Perú : ARA Editores, 2023
|z 9789564074221
|
| 830 |
|
0 |
|a Biblioteca de derecho civil.
|
| 856 |
4 |
0 |
|3 Digitalia Hispánica
|u https://www.digitaliapublishing.com/a/157808/
|
| 910 |
|
|
|a Premium collection: 2025
|